| 000 | 00000nam##2200000za#4500 |
| 001 | 9.642308 |
| 003 | CaOODSP |
| 005 | 20210624223634 |
| 007 | cr ||||||||||| |
| 008 | 150407|2000||||xxc|||||o f|0| 0 fre|d |
| 040 | |aCaOODSP|bfre |
| 043 | |an-cn--- |
| 086 | 1 |aRH64-1/2000F-PDF |
| 110 | 1 |aCanada.|bDéveloppement des ressources humaines Canada. |bDirection générale de la recherche appliquée. |
| 245 | 10|aConsultation sur les enquêtes concernant les personnes handicapées : |h[ressource électronique]|brapport |
| 260 | |aOttawa - Ontario : |bDéveloppement des ressources humaines Canada. |cMars 2000. |
| 300 | |a36p.|bgraphiques, tableaux |
| 500 | |aLe n° de catalogue (RH64-1/2000F) et l'ISBN (0-662-84732-6) de l'édition imprimée ont été incorrectement copiés dans l'édition électronique. |
| 590 | |a13-18-Supp|b2013-08-01 |
| 691 | 07|aPersonne handicapée|2gcpds |
| 691 | 07|aEmploi|2gcpds |
| 691 | 07|aInformation|2gcpds |
| 691 | 07|aRevenu|2gcpds |
| 775 | 08|tConsultation on disability surveys : |w(CaOODSP)9.698296 |
| 776 | 0#|tConsultation sur les enquêtes concernant les personnes handicapées : |w(CaOODSP)9.681134 |
| 856 | 40|ahttp://publications.gc.ca|qPDF|s1.24 Mo|uhttps://publications.gc.ca/collections/Collection/RH64-1-2000F.pdf |